Every Premier League Team of the Season - Statistics

General Stats
  • This quiz has been taken 103 times
  • The average score is 218 of 308
Answer Stats
Season Position Club Nation Player % Correct
2017/18 GK Manchester United Spain David De Gea
99%
2016/17 GK Manchester United Spain David De Gea
99%
2015/16 GK Manchester United Spain David De Gea
99%
2014/15 GK Manchester United Spain David De Gea
99%
2012/13 GK Manchester United Spain David De Gea
99%
2019/20 MF Manchester City Belgium Kevin De Bruyne
99%
2017/18 MF Manchester City Belgium Kevin De Bruyne
99%
2019/20 FW Liverpool Senegal Sadio Mane
99%
2018/19 FW Liverpool Senegal Sadio Mane
99%
2016/17 MF Liverpool Senegal Sadio Mane
99%
2018/19 FW Manchester City Argentina Sergio Aguero
99%
2017/18 FW Manchester City Argentina Sergio Aguero
99%
2018/19 MF Manchester City Portugal Bernardo Silva
97%
2019/20 MF Manchester City Spain David Silva
97%
2017/18 MF Manchester City Spain David Silva
97%
2011/12 MF Manchester City Spain David Silva
97%
2017/18 FW Tottenham Hotspur England Harry Kane
97%
2016/17 FW Tottenham Hotspur England Harry Kane
97%
2015/16 FW Tottenham Hotspur England Harry Kane
97%
2014/15 FW Tottenham Hotspur England Harry Kane
97%
2019/20 FW Leicester City England Jamie Vardy
97%
2015/16 FW Leicester City England Jamie Vardy
97%
2017/18 FW Liverpool Egypt Mohamed Salah
97%
2019/20 DF Liverpool Netherlands Virgil Van Dijk
97%
2018/19 DF Liverpool Netherlands Virgil Van Dijk
97%
2019/20 DF Liverpool Scotland Andrew Robertson
96%
2018/19 DF Liverpool Scotland Andrew Robertson
96%
2016/17 MF Chelsea Belgium Eden Hazard
96%
2014/15 MF Chelsea Belgium Eden Hazard
96%
2013/14 MF Chelsea Belgium Eden Hazard
96%
2012/13 MF Chelsea Belgium Eden Hazard
96%
2019/20 MF Liverpool England Jordan Henderson
96%
2019/20 DF Liverpool England Trent Alexander-Arnold
96%
2018/19 DF Liverpool England Trent Alexander-Arnold
96%
2014/15 DF Chelsea England John Terry
94%
2005/06 DF Chelsea England John Terry
94%
2004/05 DF Chelsea England John Terry
94%
2003/04 DF Chelsea England John Terry
94%
2016/17 MF Chelsea France N'Golo Kante
94%
2015/16 MF Leicester City France N'Golo Kante
94%
2017/18 DF Manchester City England Kyle Walker
93%
2016/17 DF Manchester City England Kyle Walker
93%
2011/12 DF Tottenham Hotspur England Kyle Walker
93%
2013/14 FW Liverpool Uruguay Luis Suarez
93%
2012/13 FW Liverpool Uruguay Luis Suarez
93%
2008/09 MF Manchester United Portugal Cristiano Ronaldo
91%
2007/08 MF Manchester United Portugal Cristiano Ronaldo
91%
2006/07 MF Manchester United Portugal Cristiano Ronaldo
91%
2005/06 MF Manchester United Portugal Cristiano Ronaldo
91%
2018/19 GK Manchester City Brazil Ederson
91%
1995/96 FW Newcastle United England Les Ferdinand
91%
2019/20 GK Burnley England Nick Pope
91%
2018/19 MF Manchester United France Paul Pogba
91%
2013/14 GK Chelsea Czech Republic Petr Cech
91%
2004/05 GK Chelsea Czech Republic Petr Cech
91%
2019/20 FW Arsenal Gabon Pierre-Emerick Aubameyang
91%
2012/13 DF Manchester United England Rio Ferdinand
91%
2008/09 DF Manchester United England Rio Ferdinand
91%
2007/08 DF Manchester United England Rio Ferdinand
91%
2006/07 DF Manchester United England Rio Ferdinand
91%
2004/05 DF Manchester United England Rio Ferdinand
91%
2001/02 DF Leeds United England Rio Ferdinand
91%
2005/06 FW Arsenal France Thierry Henry
91%
2004/05 FW Arsenal France Thierry Henry
91%
2003/04 FW Arsenal France Thierry Henry
91%
2002/03 FW Arsenal France Thierry Henry
91%
2001/02 FW Arsenal France Thierry Henry
91%
2000/01 FW Arsenal France Thierry Henry
91%
1999/00 FW Manchester United England Andy Cole
90%
2010/11 DF Chelsea England Ashley Cole
90%
2004/05 DF Arsenal England Ashley Cole
90%
2003/04 DF Arsenal England Ashley Cole
90%
2002/03 DF Arsenal England Ashley Cole
90%
2012/13 MF Tottenham Hotspur Wales Gareth Bale
90%
2011/12 MF Tottenham Hotspur Wales Gareth Bale
90%
2010/11 MF Tottenham Hotspur Wales Gareth Bale
90%
2005/06 MF Chelsea England Joe Cole
90%
2018/19 FW Manchester City England Raheem Sterling
90%
2015/16 MF Leicester City Algeria Riyad Mahrez
90%
2012/13 FW Manchester United Netherlands Robin Van Persie
90%
2011/12 FW Arsenal Netherlands Robin Van Persie
90%
2017/18 MF Tottenham Hotspur Denmark Christian Eriksen
88%
2018/19 MF Manchester City Brazil Fernandinho
88%
2008/09 FW Liverpool Spain Fernando Torres
88%
2007/08 FW Liverpool Spain Fernando Torres
88%
2013/14 MF Liverpool England Steven Gerrard
88%
2008/09 MF Liverpool England Steven Gerrard
88%
2007/08 MF Liverpool England Steven Gerrard
88%
2006/07 MF Liverpool England Steven Gerrard
88%
2005/06 MF Liverpool England Steven Gerrard
88%
2004/05 MF Liverpool England Steven Gerrard
88%
2003/04 MF Liverpool England Steven Gerrard
88%
2000/01 MF Liverpool England Steven Gerrard
88%
2013/14 DF Manchester City Belgium Vincent Kompany
88%
2011/12 DF Manchester City Belgium Vincent Kompany
88%
2010/11 DF Manchester City Belgium Vincent Kompany
88%
2009/10 FW Chelsea Ivory Coast Didier Drogba
87%
2006/07 FW Chelsea Ivory Coast Didier Drogba
87%
2010/11 GK Manchester United Netherlands Edwin Van Der Sar
87%
2008/09 GK Manchester United Netherlands Edwin Van Der Sar
87%
2006/07 GK Manchester United Netherlands Edwin Van Der Sar
87%
2005/06 MF Chelsea England Frank Lampard
87%
2004/05 MF Chelsea England Frank Lampard
87%
2003/04 MF Chelsea England Frank Lampard
87%
2008/09 MF Manchester United Wales Ryan Giggs
87%
2006/07 MF Manchester United Wales Ryan Giggs
87%
2001/02 MF Manchester United Wales Ryan Giggs
87%
2000/01 MF Manchester United Wales Ryan Giggs
87%
1997/98 MF Manchester United Wales Ryan Giggs
87%
1992/93 MF Manchester United Wales Ryan Giggs
87%
2011/12 FW Manchester United England Wayne Rooney
87%
2009/10 FW Manchester United England Wayne Rooney
87%
2005/06 FW Manchester United England Wayne Rooney
87%
2013/14 MF Manchester City Ivory Coast Yaya Toure
87%
2011/12 MF Manchester City Ivory Coast Yaya Toure
87%
2018/19 DF Manchester City France Aymeric Laporte
85%
2010/11 FW Manchester United Bulgaria Dimitar Berbatov
85%
2006/07 FW Tottenham Hotspur Bulgaria Dimitar Berbatov
85%
2017/18 DF Chelsea Spain Marcos Alonso
85%
2010/11 DF Manchester United Serbia Nemanja Vidic
85%
2008/09 DF Manchester United Serbia Nemanja Vidic
85%
2007/08 DF Manchester United Serbia Nemanja Vidic
85%
2006/07 DF Manchester United Serbia Nemanja Vidic
85%
2016/17 FW Everton Belgium Romelu Lukaku
85%
2014/15 MF Arsenal Chile Alexis Sanchez
84%
2014/15 DF Chelsea Serbia Branislav Ivanovic
84%
2009/10 DF Chelsea Serbia Branislav Ivanovic
84%
2016/17 MF Tottenham Hotspur England Dele Alli
84%
2015/16 MF Tottenham Hotspur England Dele Alli
84%
2017/18 DF Tottenham Hotspur Belgium Jan Vertonghen
84%
2012/13 DF Tottenham Hotspur Belgium Jan Vertonghen
84%
2011/12 GK Manchester City England Joe Hart
84%
2009/10 GK Birmingham City England Joe Hart
84%
2006/07 MF Manchester United England Paul Scholes
84%
2002/03 MF Manchester United England Paul Scholes
84%
2009/10 MF Arsenal Spain Cesc Fabregas
82%
2007/08 MF Arsenal Spain Cesc Fabregas
82%
2009/10 DF Manchester United France Patrice Evra
82%
2008/09 DF Manchester United France Patrice Evra
82%
2006/07 DF Manchester United France Patrice Evra
82%
2003/04 MF Arsenal France Patrick Vieira
82%
2002/03 MF Arsenal France Patrick Vieira
82%
2001/02 MF Arsenal France Patrick Vieira
82%
2000/01 MF Arsenal France Patrick Vieira
82%
1999/00 MF Arsenal France Patrick Vieira
82%
1998/99 MF Arsenal France Patrick Vieira
82%
2009/10 MF Manchester United Ecuador Antonio Valencia
81%
2016/17 DF Chelsea Brazil David Luiz
81%
2016/17 DF Chelsea England Gary Cahill
81%
2014/15 DF Chelsea England Gary Cahill
81%
2013/14 DF Chelsea England Gary Cahill
81%
2014/15 MF Chelsea Serbia Nemanja Matic
81%
2001/02 MF Manchester United Ireland Roy Keane
81%
2000/01 MF Manchester United Ireland Roy Keane
81%
1999/00 MF Manchester United Ireland Roy Keane
81%
1996/97 MF Manchester United Ireland Roy Keane
81%
1992/93 MF Nottingham Forest Ireland Roy Keane
81%
2002/03 DF Tottenham Hotspur Ireland Stephen Carr
81%
2000/01 DF Tottenham Hotspur Ireland Stephen Carr
81%
2015/16 DF Tottenham Hotspur Belgium Toby Alderweireld
81%
2002/03 FW Newcastle United England Alan Shearer
79%
1996/97 FW Newcastle United England Alan Shearer
79%
1995/96 FW Blackburn Rovers England Alan Shearer
79%
1994/95 FW Blackburn Rovers England Alan Shearer
79%
1993/94 FW Blackburn Rovers England Alan Shearer
79%
1992/93 FW Blackburn Rovers England Alan Shearer
79%
2017/18 DF Manchester City Argentina Nicolas Otamendi
79%
1999/00 MF Manchester United England David Beckham
78%
1998/99 MF Manchester United England David Beckham
78%
1997/98 MF Manchester United England David Beckham
78%
1996/97 MF Manchester United England David Beckham
78%
2006/07 DF Manchester United England Gary Neville
78%
2004/05 DF Manchester United England Gary Neville
78%
1998/99 DF Manchester United England Gary Neville
78%
1997/98 DF Manchester United England Gary Neville
78%
1996/97 DF Manchester United England Gary Neville
78%
1995/96 DF Manchester United England Gary Neville
78%
2003/04 FW Manchester United Netherlands Ruud Van Nistelrooy
78%
2001/02 FW Manchester United Netherlands Ruud Van Nistelrooy
78%
2013/14 FW Liverpool England Daniel Sturridge
76%
2015/16 MF West Ham United France Dimitri Payet
76%
2015/16 DF Arsenal Spain Hector Bellerin
76%
2010/11 FW Manchester City Argentina Carlos Tevez
75%
2014/15 FW Chelsea Spain Diego Costa
75%
2008/09 FW Chelsea France Nicolas Anelka
75%
1998/99 FW Arsenal France Nicolas Anelka
75%
2010/11 MF Manchester United Portugal Nani
73%
2014/15 MF Liverpool Brazil Philippe Coutinho
73%
2015/16 DF Leicester City Jamaica Wes Morgan
73%
2000/01 DF Manchester United Netherlands Jaap Stam
72%
1999/00 DF Manchester United Netherlands Jaap Stam
72%
1998/99 DF Manchester United Netherlands Jaap Stam
72%
2012/13 DF Everton England Leighton Baines
72%
2011/12 DF Everton England Leighton Baines
72%
2003/04 MF Arsenal France Robert Pires
72%
2002/03 MF Arsenal France Robert Pires
72%
2001/02 MF Arsenal France Robert Pires
72%
2013/14 DF Everton Ireland Seamus Coleman
70%
2007/08 FW Arsenal Togo Emmanuel Adebayor
69%
2016/17 DF Tottenham Hotspur England Danny Rose
67%
2015/16 DF Tottenham Hotspur England Danny Rose
67%
2007/08 GK Portsmouth England David James
67%
1995/96 GK Liverpool England David James
67%
2005/06 DF Liverpool England Jamie Carragher
67%
2012/13 MF Manchester United England Michael Carrick
67%
2003/04 GK Manchester United United States Tim Howard
67%
1998/99 FW Manchester United Trinidad & Tobago Dwight Yorke
66%
1993/94 FW Manchester United France Eric Cantona
66%
2012/13 DF Manchester City Argentina Pablo Zabaleta
66%
2003/04 DF Arsenal England Sol Campbell
66%
2002/03 DF Arsenal England Sol Campbell
66%
1998/99 DF Tottenham Hotspur England Sol Campbell
66%
2009/10 MF Manchester United Scotland Darren Fletcher
64%
2000/01 GK Manchester United France Fabien Barthez
64%
2012/13 MF Chelsea Spain Juan Mata
64%
1997/98 FW Liverpool England Michael Owen
64%
1992/93 GK Manchester United Denmark Peter Schmeichel
64%
2010/11 DF Arsenal France Bacary Sagna
63%
2007/08 DF Arsenal France Bacary Sagna
63%
2019/20 DF Leicester City Turkey Caglar Soyuncu
63%
1996/97 GK Arsenal England David Seaman
63%
1997/98 FW Arsenal Netherlands Dennis Bergkamp
60%
2000/01 FW Manchester United England Teddy Sheringham
60%
2005/06 GK Newcastle United Ireland Shay Given
57%
2001/02 GK Newcastle United Ireland Shay Given
57%
2004/05 MF Chelsea Netherlands Arjen Robben
54%
2007/08 DF Arsenal France Gael Clichy
54%
1997/98 MF Manchester United England Nicky Butt
54%
2001/02 DF Liverpool Finland Sami Hyypia
54%
1999/00 DF Liverpool Finland Sami Hyypia
54%
1996/97 DF Arsenal England Tony Adams
54%
1995/96 DF Arsenal England Tony Adams
54%
1993/94 DF Arsenal England Tony Adams
54%
1998/99 DF Manchester United Ireland Denis Irwin
52%
1993/94 DF Manchester United Ireland Denis Irwin
52%
1996/97 FW Arsenal England Ian Wright
52%
1992/93 FW Arsenal England Ian Wright
52%
2010/11 MF Arsenal England Jack Wilshere
52%
2010/11 MF Arsenal France Samir Nasri
52%
2009/10 DF Arsenal Belgium Thomas Vermaelen
52%
2013/14 MF Southampton England Adam Lallana
51%
1995/96 DF Aston Villa England Alan Wright
51%
2009/10 MF Aston Villa England James Milner
51%
2013/14 DF Southampton England Luke Shaw
51%
1996/97 DF Liverpool England Mark Wright
51%
2003/04 DF Arsenal Cameroon Lauren
46%
2005/06 DF Chelsea France William Gallas
46%
2002/03 DF Chelsea France William Gallas
46%
2002/03 GK Blackburn Rovers United States Brad Friedel
45%
2014/15 DF Southampton England Ryan Bertrand
43%
2004/05 MF Manchester City England Shaun Wright-Phillips
43%
1995/96 MF Nottingham Forest England Steve Stone
43%
1998/99 MF Arsenal France Emmanuel Petit
42%
2011/12 DF Newcastle United Argentina Fabricio Coloccini
42%
1999/00 FW Sunderland England Kevin Phillips
42%
2004/05 FW Crystal Palace England Andrew Johnson
40%
2008/09 MF Aston Villa England Ashley Young
40%
2007/08 MF Aston Villa England Ashley Young
40%
1998/99 MF Tottenham Hotspur France David Ginola
40%
1995/96 MF Newcastle United France David Ginola
40%
2008/09 DF Portsmouth England Glen Johnson
40%
1999/00 MF Leeds United Australia Harry Kewell
40%
1997/98 DF Manchester United England Gary Pallister
39%
1994/95 DF Manchester United England Gary Pallister
39%
1993/94 DF Manchester United England Gary Pallister
39%
1992/93 DF Manchester United England Gary Pallister
39%
1994/95 MF Southampton England Matt Le Tissier
39%
1994/95 FW Tottenham Hotspur Germany Jurgen Klinsmann
37%
2011/12 MF Tottenham Hotspur England Scott Parker
37%
1994/95 MF Manchester United England Paul Ince
36%
1993/94 MF Manchester United England Paul Ince
36%
1992/93 MF Manchester United England Paul Ince
36%
1994/95 FW Blackburn Rovers England Chris Sutton
33%
1994/95 GK Blackburn Rovers England Tim Flowers
33%
1993/94 GK Blackburn Rovers England Tim Flowers
33%
1995/96 MF Chelsea Netherlands Ruud Gullit
31%
1992/93 MF Leeds United Wales Gary Speed
30%
1997/98 DF Chelsea England Graeme Le Saux
28%
1994/95 DF Blackburn Rovers England Graeme Le Saux
28%
2009/10 DF Aston Villa Ireland Richard Dunne
28%
1994/95 DF Liverpool England Rob Jones
27%
1994/95 MF Blackburn Rovers England Tim Sherwood
27%
2000/01 DF Manchester United England Wes Brown
27%
1999/00 GK Leeds United England Nigel Martyn
24%
1998/99 GK Leeds United England Nigel Martyn
24%
1997/98 GK Leeds United England Nigel Martyn
24%
1999/00 DF Leeds United Ireland Ian Harte
22%
1996/97 MF Liverpool England Steve McManaman
22%
1992/93 DF Aston Villa Ireland Paul McGrath
21%
1993/94 FW Newcastle United England Peter Beardsley
21%
1997/98 DF Blackburn Rovers Scotland Colin Hendry
19%
1994/95 DF Blackburn Rovers Scotland Colin Hendry
19%
2005/06 DF Wigan Athletic France Pascal Chimbonda
19%
1999/00 DF Leeds United Ireland Gary Kelly
16%
1993/94 DF Leeds United Ireland Gary Kelly
16%
2002/03 MF Newcastle United England Kieron Dyer
16%
1995/96 MF Newcastle United England Rob Lee
16%
2001/02 DF Fulham Ireland Steve Finnan
16%
1997/98 MF Newcastle United England David Batty
13%
1996/97 MF Newcastle United England David Batty
13%
1993/94 MF Blackburn Rovers England David Batty
13%
2000/01 DF Arsenal Brazil Sylvinho
13%
2001/02 DF Southampton England Wayne Bridge
10%
1993/94 MF Leeds United Scotland Gary McAllister
9%
1996/97 DF Liverpool Norway Stig Inge Bjornebye
9%
1995/96 DF Aston Villa England Ugo Ehiogu
7%
1992/93 DF QPR England David Bardsley
6%
1992/93 DF Leeds United England Tony Dorigo
4%
No matching quizzes found
Score Distribution
Percent of People with Each Score
Percentile by Number Answered
Your Score History
You have not taken this quiz